[Event "Dinamarca ch 2007"]
[Site "Aalborg DEN"]
[Date "2007.04.07"]
[Round "8.11"]
[White "Pedersen, Nicolai Vesterbaek"]
[Black "Jacobsen, Bo"]
[Result "1-0"]
[WhiteElo "2466"]
[BlackElo "2301"]
[PlyCount "93"]
[EventDate "2007.03.31"]
[EventType "swiss"]
[EventRounds "9"]
[EventCountry "DEN"]
[Source "lmi"]
[SourceDate "2007.03.31"]

1. e4 e5 2. Nf3 Nc6 3. Bb5 Nf6 4. d3 d6 5. O-O Bd7 6. Re1 g6 7. d4 Be7 8. Bxc6
Bxc6 9. Nc3 exd4 10. Qxd4 O-O 11. Bh6 Re8 12. Nd5 Bxd5 13. exd5 Nh5 14. g4 Bf6
15. Qb4 Ng7 16. Qxb7 Be5 17. Rab1 Qd7 18. h3 Rab8 19. Qxa7 Ra8 20. Nxe5 dxe5
21. Qc5 Rxa2 22. f4 f5 23. Rxe5 fxg4 24. Bxg7 Kxg7 25. Rxe8 Qxe8 26. Qxc7+ Kh6
27. Qe5 Qc8 28. Re1 gxh3 29. Qg5+ Kg7 30. Qe7+ Kg8 31. Qe8+ Qxe8 32. Rxe8+ Kf7
33. Rb8 h5 34. Kh2 Ra4 35. b4 Ra3 36. Rc8 Kf6 37. b5 Ra5 38. b6 Rb5 39. Rc6+
Kf5 40. d6 Ke6 41. c4 Rb2+ 42. Kxh3 Kd7 43. Rc7+ Kxd6 44. c5+ Kd5 45. b7 Ke4
46. c6 Kf3 47. Rd7 1-0

[Event "Dinamarca ch 2007"]
[Site "Aalborg DEN"]
[Date "2007.04.07"]
[Round "8.12"]
[White "Boe, Mads"]
[Black "Brautsch, Soren"]
[Result "0-1"]
[WhiteElo "2351"]
[BlackElo "2295"]
[PlyCount "92"]
[EventDate "2007.03.31"]
[EventType "swiss"]
[EventRounds "9"]
[EventCountry "DEN"]
[Source "lmi"]
[SourceDate "2007.03.31"]

1. d4 f5 2. Bg5 g6 3. e3 Bg7 4. c3 d6 5. Nd2 Nf6 6. h4 Be6 7. Be2 Nbd7 8. h5 c6
9. Qc2 Qa5 10. hxg6 hxg6 11. Rxh8+ Bxh8 12. f3 Bf7 13. Bc4 d5 14. Be2 e5 15.
Nh3 O-O-O 16. b4 Qc7 17. a4 Re8 18. b5 c5 19. dxe5 Qxe5 20. Bf4 Qe7 21. g4 Nh7
22. g5 Be5 23. Nf1 Bxf4 24. exf4 Nhf8 25. Kf2 c4 26. Qd2 Nc5 27. Ra2 Nfd7 28.
Ng1 Kb8 29. a5 Nb3 30. Qd1 Qc5+ 31. Kg2 Qxb5 32. a6 Ndc5 33. axb7 Qxb7 34. Nd2
Qc7 35. Kg3 Re6 36. Nb1 Rd6 37. Na3 Rb6 38. Nc2 Ne6 39. Nh3 Qc5 40. Nb4 Nc7 41.
Nc2 Nb5 42. Qe1 Re6 43. Ng1 Nxc3 44. Qxc3 Qxg1+ 45. Kh3 Rxe2 46. Qb4+ Kc8 0-1

[Event "Dinamarca ch 2007"]
[Site "Aalborg DEN"]
[Date "2007.04.08"]
[Round "9.1"]
[White "Hansen, Sune Berg"]
[Black "Schandorff, Lars"]
[Result "1/2-1/2"]
[WhiteElo "2560"]
[BlackElo "2536"]
[PlyCount "50"]
[EventDate "2007.03.31"]
[EventType "swiss"]
[EventRounds "9"]
[EventCountry "DEN"]
[Source "lmi"]
[SourceDate "2007.03.31"]

1. e4 e5 2. Nf3 Nc6 3. Bb5 a6 4. Ba4 Nf6 5. O-O Be7 6. Re1 b5 7. Bb3 O-O 8. d4
d6 9. c3 Bg4 10. Be3 exd4 11. cxd4 Na5 12. Bc2 c5 13. h3 cxd4 14. Bxd4 Bh5 15.
Nbd2 Nc6 16. Be3 Re8 17. Rc1 Rc8 18. Bb1 d5 19. exd5 Qxd5 20. Bf4 Bd6 21. Bxd6
Qxd6 22. Qb3 Rxe1+ 23. Rxe1 Nd4 24. Nxd4 Qxd4 25. Ne4 Nxe4 1/2-1/2

[Event "Dinamarca ch 2007"]
[Site "Aalborg DEN"]
[Date "2007.04.08"]
[Round "9.2"]
[White "Rasmussen, Karsten"]
[Black "Kristiansen, Jens"]
[Result "1/2-1/2"]
[WhiteElo "2462"]
[BlackElo "2429"]
[PlyCount "113"]
[EventDate "2007.03.31"]
[EventType "swiss"]
[EventRounds "9"]
[EventCountry "DEN"]
[Source "lmi"]
[SourceDate "2007.03.31"]

1. c4 f5 2. g3 Nf6 3. Bg2 g6 4. b4 Bg7 5. d4 O-O 6. Nf3 d6 7. O-O c6 8. Bb2 Kh8
9. a4 Be6 10. Nbd2 Nbd7 11. b5 Rc8 12. Rc1 h6 13. Re1 Qe8 14. bxc6 bxc6 15. e4
fxe4 16. Nxe4 Nxe4 17. Rxe4 Bf5 18. Re1 g5 19. Qe2 Rb8 20. Ba1 e6 21. h3 d5 22.
Nd2 Qf7 23. cxd5 cxd5 24. Rc7 a5 25. Qe3 Rfc8 26. Ra7 Rc2 27. Rxa5 Nf6 28. g4
Bxg4 29. hxg4 Nxg4 30. Qg3 Rf8 31. Re2 Nxf2 32. Rxf2 Qxf2+ 33. Qxf2 Rxf2 34.
Kxf2 Rxd2+ 35. Kg3 Ra2 36. Bh3 Ra3+ 37. Kg2 Rxa1 38. Bxe6 Bxd4 39. Bxd5 Kg7 40.
Ra6 h5 41. Be4 Ra2+ 42. Kh1 Ra1+ 43. Kh2 Be3 44. Bg6 Bf4+ 45. Kg2 Ra2+ 46. Kf3
Ra3+ 47. Ke4 Re3+ 48. Kd4 h4 49. Be4 h3 50. Ra7+ Kf6 51. Ra6+ Ke7 52. Ra7+ Kd6
53. Ra6+ Kc7 54. Rc6+ Kd7 55. Rc3 Rxc3 56. Kxc3 Ke6 57. Bb7 1/2-1/2

[Event "Dinamarca ch 2007"]
[Site "Aalborg DEN"]
[Date "2007.04.08"]
[Round "9.3"]
[White "Hansen, Lars Bo"]
[Black "Bromann, Thorbjorn"]
[Result "1-0"]
[WhiteElo "2575"]
[BlackElo "2399"]
[PlyCount "67"]
[EventDate "2007.03.31"]
[EventType "swiss"]
[EventRounds "9"]
[EventCountry "DEN"]
[Source "lmi"]
[SourceDate "2007.03.31"]

1. Nf3 d5 2. d4 Nf6 3. c4 c6 4. e3 a6 5. Bd2 g6 6. Nc3 Bg7 7. cxd5 cxd5 8. Ne5
O-O 9. Qb3 e6 10. Be2 Nfd7 11. Nxd7 Nxd7 12. O-O Qb6 13. Qc2 Qd6 14. a4 e5 15.
e4 Qc7 16. Qb3 dxe4 17. Nxe4 exd4 18. Bb4 Rd8 19. Bd6 Qb6 20. Qg3 Re8 21. a5
Qxb2 22. Bd3 Qb3 23. Rfe1 Qd5 24. Rac1 b5 25. axb6 Bb7 26. Bc4 Qf5 27. Ng5 Be5
28. Qh4 h5 29. Bxf7+ Kg7 30. Bxe8 Rxe8 31. Bxe5+ Rxe5 32. Qxd4 Bxg2 33. Rxe5
Nxe5 34. f4 1-0

[Event "Dinamarca ch 2007"]
[Site "Aalborg DEN"]
[Date "2007.04.08"]
[Round "9.4"]
[White "Kristensen, Kaare"]
[Black "Pilgaard, Kim"]
[Result "0-1"]
[WhiteElo "2316"]
[BlackElo "2412"]
[PlyCount "93"]
[EventDate "2007.03.31"]
[EventType "swiss"]
[EventRounds "9"]
[EventCountry "DEN"]
[Source "lmi"]
[SourceDate "2007.03.31"]

1. e4 e5 2. Nf3 Nc6 3. d4 exd4 4. Nxd4 Nf6 5. Nxc6 bxc6 6. e5 Qe7 7. Qe2 Nd5 8.
c4 Nb6 9. Nc3 a5 10. Bd2 Ba6 11. b3 a4 12. Qe4 axb3 13. axb3 g6 14. b4 Bb7 15.
Rxa8+ Bxa8 16. c5 Nd5 17. Bd3 Bg7 18. f4 O-O 19. O-O Bb7 20. Ra1 Nxc3 21. Bxc3
d5 22. cxd6 cxd6 23. Ra7 Ra8 24. Rxa8+ Bxa8 25. Kh1 Bb7 26. exd6 Qxe4 27. Bxe4
Bxc3 28. b5 Bb4 29. bxc6 Ba6 30. d7 Ba5 31. f5 gxf5 32. Bxf5 Bb5 33. Be4 h6 34.
g4 Kf8 35. h4 f6 36. Kg2 Ke7 37. Kf3 Ke6 38. Ke3 Ke5 39. Bh1 Bb6+ 40. Kd2 Kd6
41. d8=Q+ Bxd8 42. Ke3 Ke5 43. c7 Bxc7 44. Bb7 Bc4 45. Bc6 Bd5 46. Bd7 Bb6+ 47.
Ke2 0-1

[Event "Dinamarca ch 2007"]
[Site "Aalborg DEN"]
[Date "2007.04.08"]
[Round "9.5"]
[White "Pedersen, Steffen"]
[Black "Rasmussen, Allan Stig"]
[Result "1-0"]
[WhiteElo "2439"]
[BlackElo "2389"]
[PlyCount "73"]
[EventDate "2007.03.31"]
[EventType "swiss"]
[EventRounds "9"]
[EventCountry "DEN"]
[Source "lmi"]
[SourceDate "2007.03.31"]

1. e4 c6 2. d4 d5 3. Nc3 dxe4 4. Nxe4 Nd7 5. Ng5 Ngf6 6. Bd3 e6 7. N1f3 Bd6 8.
Qe2 h6 9. Ne4 Nxe4 10. Qxe4 Qc7 11. O-O b6 12. Qg4 Kf8 13. b3 Bb7 14. Bb2 Nf6
15. Qh4 Nd5 16. Rfe1 Nf4 17. Ne5 g5 18. Qg4 Rg8 19. Qf3 Rd8 20. Rad1 f5 21. Bf1
h5 22. c4 h4 23. g3 Bb4 24. Re3 c5 25. d5 exd5 26. cxd5 Rxd5 27. Rxd5 Bxd5 28.
Qd1 hxg3 29. Rxg3 g4 30. Qc1 Ne6 31. Qh6+ Ke8 32. Bb5+ Ke7 33. Re3 Bd2 34. Nc6+
Qxc6 35. Bxc6 Bxe3 36. Qf6+ Kd6 37. Bxd5 1-0

[Event "Dinamarca ch 2007"]
[Site "Aalborg DEN"]
[Date "2007.04.08"]
[Round "9.8"]
[White "Jacobsen, Bo"]
[Black "Matthiesen, Martin"]
[Result "0-1"]
[WhiteElo "2301"]
[BlackElo "2365"]
[PlyCount "120"]
[EventDate "2007.03.31"]
[EventType "swiss"]
[EventRounds "9"]
[EventCountry "DEN"]
[Source "lmi"]
[SourceDate "2007.03.31"]

1. c4 e5 2. g3 Nf6 3. Nc3 Nc6 4. Bg2 Bb4 5. e4 a5 6. d3 d6 7. h3 Nd4 8. Nf3 a4
9. Bd2 a3 10. b3 Nxf3+ 11. Qxf3 O-O 12. Qe3 Nd7 13. O-O Nc5 14. d4 Ne6 15. Ne2
Bxd2 16. Qxd2 c5 17. d5 Nd4 18. Nxd4 cxd4 19. b4 b6 20. f4 f6 21. Rab1 Qc7 22.
Rfc1 Bd7 23. Rb3 Rfc8 24. Kh2 Qa7 25. Bf1 Be8 26. Kg2 Rc7 27. Be2 Rac8 28. Bg4
Bd7 29. Bxd7 Rxd7 30. fxe5 fxe5 31. Qd3 Ra8 32. Rf1 Qa6 33. Qf3 Qxc4 34. Qg4
Re7 35. Rf2 d3 36. Qf3 Qxb3 37. axb3 a2 38. Rf1 a1=Q 39. Rxa1 Rxa1 40. Qxd3 Rf7
41. Qb5 Ra2+ 42. Kg1 Rf8 43. Qd7 Rb2 44. Qb7 h5 45. g4 hxg4 46. hxg4 Kh7 47. g5
Kg6 48. Qd7 Ra8 49. Qf5+ Kh5 50. Qh3+ Kxg5 51. Qf5+ Kh4 52. Qh7+ Kg3 53. Qxg7+
Kf3 54. Qf6+ Ke3 55. Qg5+ Kd4 56. Qc1 Raa2 57. Qc4+ Ke3 58. Qc1+ Rd2 59. Qe1+
Kd3 60. Qf1+ Kc3 0-1

[Event "Dinamarca ch 2007"]
[Site "Aalborg DEN"]
[Date "2007.04.08"]
[Round "9.9"]
[White "Jakobsen, Ole"]
[Black "Rasmussen, Casper"]
[Result "1/2-1/2"]
[WhiteElo "2379"]
[BlackElo "2327"]
[PlyCount "105"]
[EventDate "2007.03.31"]
[EventType "swiss"]
[EventRounds "9"]
[EventCountry "DEN"]
[Source "lmi"]
[SourceDate "2007.03.31"]

1. d4 d5 2. Nf3 Nf6 3. c4 c6 4. Qc2 a6 5. g3 g6 6. Bg2 Bg7 7. O-O O-O 8. Bf4
Nh5 9. Be5 f6 10. Bxb8 Rxb8 11. cxd5 Qxd5 12. Nc3 Qf7 13. e3 g5 14. Nd2 g4 15.
f3 gxf3 16. Nxf3 Bh6 17. Rae1 Kh8 18. Qe2 Rg8 19. Ne5 Qe8 20. Nd3 Nxg3 21. hxg3
Rxg3 22. Rf3 Bg4 23. Rxg3 Bxe2 24. Rxe2 Qf7 25. b3 Qh5 26. Nf4 Qa5 27. Ne4 Rg8
28. Rxg8+ Kxg8 29. Bh3 f5 30. Ng3 Bxf4 31. exf4 Qc3 32. Bxf5 Qxd4+ 33. Kg2 Qc5
34. Be6+ Kg7 35. Nf5+ Kf6 36. Ng3 Kg7 37. f5 Qc1 38. Bc8 Qg5 39. Re6 Qd2+ 40.
Kh3 Qb4 41. f6+ exf6 42. Re7+ Kh8 43. Rxb7 Qf8 44. Bf5 Qh6+ 45. Kg4 Qg5+ 46.
Kf3 h6 47. Ra7 c5 48. Rxa6 h5 49. Ra8+ Kg7 50. Be6 Kh7 51. Ra7+ Kh8 52. Ra8+
Kh7 53. Ra7+ 1/2-1/2